[Event "23rd OIBM 2019"]
[Site "Gmund am Tegernsee"]
[Date "2019.10.28"]
[Round "3.34"]
[White "Seifert, Volker"]
[Black "Schatz, Christian"]
[Result "1-0"]
[WhiteElo "2300"]
[BlackElo "2152"]
[Annotator "TA"]
[PlyCount "120"]
[EventDate "2019.10.17"]
[EventType "swiss"]
[EventCountry "GER"]
[SourceTitle "playchess.com"]
[Source "ChessBase"]
[SourceQuality "1"]

{[%evp 27,120,29,32,-31,18,18,18,25,23,22,14,28,22,29,68,66,87,83,79,86,159,158,176,172,177,181,177,174,172,183,170,138,122,130,122,122,116,116,120,116,139,147,176,176,171,163,168,158,241,151,597,536,519,416,455,382,421,394,372,302,443,460,439,340,308,255,246,181,12835,12835,12831,11843,12827,12828,12828,5693,3047,12829,12830,7997,12831,8292,12700,2934,12833,12835,12835,11319,12838,12838,12841,12841,12841,12839,12838]} 1. d4 Nf6 2. c4 e6 3. Nc3 d5 4. cxd5 exd5 5. Bg5 Be7 6. e3 O-O 7. Bd3 Nbd7 8. Nf3 c6 9. Qc2 Re8 10. O-O Nf8 11. Rab1 Ne4 12. Bxe7 Qxe7 13. b4 a6 14. a4 Bf5 15. b5 {D36: Queen's Gambit Declined: Exchange Variation: Main line (5 Bg5 c6 6 Qc2)} (15. Rfc1 $14) (15. Rfc1 Nd7 16. b5 axb5 17. axb5 Ra3 18. Bxe4 dxe4 19. Nd2 c5 20. Nd5 Qg5 21. dxc5 Ne5 22. Nf4 Nf3+ 23. Nxf3 exf3 {1-0 (54) Riazantsev,A (2700)-Morozevich,A (2739) Moscow 2013}) 15... axb5 16. axb5 Nxc3 17. Qxc3 {The position is equal.} Ra3 18. Rb3 Rxb3 19. Qxb3 Bxd3 20. Qxd3 Ne6 21. Rc1 $146 ({Predecessor:} 21. bxc6 bxc6 22. Ne5 c5 23. dxc5 Nxc5 {½-½ (37) Phanstiel,J (1741)-Drobbin,M (1966) Jamaica 2006}) 21... Rc8 22. bxc6 Rxc6 23. Ra1 Rc8 (23... Qd8 $142) 24. Qb3 $16 Qc7 25. g3 Qc3 26. Qxc3 Rxc3 $18 {[%mdl 4096] Endgame KRN-KRN} 27. Ra8+ Nf8 28. Ne5 {[#] Black must now prevent Nd7.} Rc7 29. Rb8 f6 30. Nd3 Kf7 31. Nc5 {Hoping for Rxf8+!} Nd7 32. Rxb7 Rxb7 33. Nxb7 $16 {KN-KN} Ke7 34. g4 g5 35. f3 Nb6 36. Kf2 Ke6 37. e4 Nc4 (37... Nc8 $16 38. Nc5+ Kd6) 38. Ke2 Nb2 $2 {[#]} (38... Nb6 $16 {is tougher.} 39. Nc5+ Ke7) 39. Nc5+ $18 Kd6 40. Nd3 Na4 41. Kd2 Nb6 42. Nb4 dxe4 43. fxe4 Nc4+ (43... Nd7 {keeps fighting.} 44. Kc3 Nf8) 44. Kd3 Nb2+ 45. Ke2 Ke6 46. Nd5 Nc4 47. Ne3 Nb2 $2 (47... Na5 48. Kd2 Nb3+ 49. Kc3 Nc1) 48. Kd2 {White is clearly winning.} Na4 49. Nc4 Kd7 50. Kc2 Kc6 51. Kb3 Kb5 52. Nd6+ Ka5 53. Ne8 Nb6 54. Nxf6 h6 55. Ng8 Kb5 56. Nxh6 Nc4 57. Kc3 Ne3 58. Kd3 Nf1 59. e5 Kc6 60. Ke4 Nd2+ {Accuracy: White = 83%, Black = 40%.} 1-0

[Event "23rd OIBM 2019"]
[Site "Gmund am Tegernsee"]
[Date "2019.10.28"]
[Round "3.35"]
[White "Fauth, Dietmar"]
[Black "Wacker, Peter"]
[Result "1-0"]
[WhiteElo "2099"]
[BlackElo "2295"]
[Annotator "TA"]
[PlyCount "157"]
[EventDate "2019.10.17"]
[EventType "swiss"]
[EventCountry "GER"]
[SourceTitle "playchess.com"]
[Source "ChessBase"]
[SourceQuality "1"]

{[%evp 14,157,-12,-36,-31,-17,-12,-26,37,-46,23,20,26,14,125,130,129,126,122,125,131,131,131,138,138,131,133,132,179,168,177,159,230,242,279,252,281,270,377,306,320,343,383,373,476,360,400,326,317,266,272,253,272,272,268,219,215,0,263,254,302,302,349,247,341,330,309,302,302,302,293,260,263,256,364,303,640,636,667,655,29976,1642,1645,1645,1637,1627,1628,1624,1598,1600,1578,1575,1542,1202,1371,1031,895,768,29960,29966,29966,29962,29964,29966,29971,29972,29972,29972,29973,29974,29974,29973,29975,29971,29971,29972,29971,29966,29967,29960,29960,29949,29939,29942,29946,29950,29942,29950,29947,29951,29952,29955,29976,29977,29975,29959,29959,29959,29961,29961,29961,29960,29961,29953,5583,4588]} 1. e4 c5 2. d4 cxd4 3. c3 dxc3 4. Nxc3 Nc6 5. Nf3 e6 6. Bc4 a6 7. O-O Nge7 8. Bg5 h6 {B21: Sicilian: 2 f4 and Morra Gambit} 9. Be3 Ng6 10. Bb3 (10. Nd4 Be7 11. f4 O-O 12. Qh5 Nxd4 13. Bxd4 Qc7 14. Bd3 Nxf4 15. Qg4 Ng6 16. e5 Nxe5 {0-1 (32) Moiseenko,V (2517)-Alekseev,E (2627) Yaroslavl 2018}) 10... b5 (10... Bb4 $11) 11. Re1 (11. Nd5 $14 Rb8 12. Re1) 11... Be7 ({Black should try} 11... Bb4 $15) 12. Nd5 $1 $11 exd5 13. exd5 Bb7 $146 (13... Na5 $1 $11 14. d6 Nxb3 15. axb3 (15. Qxb3 O-O $11) (15. dxe7 Nxe7 16. axb3 O-O $11) 15... O-O) ({Predecessor:} 13... O-O 14. dxc6 Bb4 15. cxd7 Bxd7 16. Rf1 {0-1 (34) Austrup,D (2001)-Voicu,C (2263) Dortmund 2016}) 14. dxc6 $16 Bxc6 15. Nd4 O-O 16. Qh5 {[%mdl 1024] White has strong compensation.} Kh7 17. Rad1 $36 {[%mdl 2048] Keeping Black busy.} Rc8 18. Nf5 Bg5 19. Nd6 {[%mdl 64] [#] And now Bxg5 would win. Double Attack} Bxe3 20. Rxe3 Qf6 21. Nxc8 Rxc8 22. g3 Rf8 (22... Kg8 $16 23. Rde1 Nf8) 23. Rd2 $18 d6 24. Bd5 Bd7 25. Be4 Be6 26. b3 Kg8 27. Rxd6 {[#] aiming for Bxg6.} Qa1+ 28. Qd1 Qf6 29. Qd4 Qg5 30. Bxg6 Qxg6 31. Rd8 Rxd8 32. Qxd8+ {[%mdl 4096] Endgame KQR-KQB} Kh7 {Now ...Qb1+ and Black clings on.} 33. Qd3 Bf5 34. Qe2 Bh3 35. Qd3 Bf5 $1 {[%cal Rf5d3]} 36. Qd1 Bb1 37. a3 a5 38. f3 Bc2 39. Qd2 a4 40. bxa4 bxa4 41. Kg2 Bf5 42. Rc3 Qb6 43. g4 Be6 (43... Bg6 $142 44. Rc8 h5) 44. h4 g5 $2 (44... h5 45. gxh5 Bf5) 45. h5 Kg7 46. Rd3 Bb3 47. Rd8 (47. Rd6 $142 Qc7 48. Qd4+ Kg8 49. Rd8+ Qxd8 50. Qxd8+ Kh7 51. Qd4 Kg8 52. Kg3) 47... Qf6 48. Qd4 Qxd4 49. Rxd4 {KR-KB} Kf6 50. Rd6+ Kg7 51. Ra6 Bc2 52. Kf2 Bb3 53. Ke3 Bc2 54. Rd6 Bb3 55. f4 gxf4+ 56. Kxf4 Be6 57. Ra6 Bb3 58. g5 hxg5+ 59. Kxg5 Bc2 60. Rc6 Bd1 61. h6+ Kh7 62. Rf6 Bb3 63. Kf4 Kg8 64. Ke5 Kh7 65. Kd6 Kg8 66. Ke7 Kh7 67. Ke8 Bd5 68. Ra6 Bb3 69. Kf8 Kh8 70. Ra5 Kh7 71. Rh5 Bc2 72. Rh4 f5 73. Ke7 f4 74. Rxf4 Kxh6 75. Rg4 Bd1 76. Rg1 Bc2 77. Kf6 {[%cal Rg1h1]} Kh7 78. Ke5 Bg6 79. Rg4 {Accuracy: White = 62%, Black = 35%.} 1-0

[Event "23rd OIBM 2019"]
[Site "Gmund am Tegernsee"]
[Date "2019.10.28"]
[Round "3.36"]
[White "Szabo, Marton Mihaly"]
[Black "Kolb, Tobias"]
[Result "0-1"]
[WhiteElo "2282"]
[BlackElo "2073"]
[Annotator "TA"]
[PlyCount "116"]
[EventDate "2019.10.17"]
[EventType "swiss"]
[EventCountry "GER"]
[SourceTitle "playchess.com"]
[Source "ChessBase"]
[SourceQuality "1"]

{[%evp 14,116,0,0,0,0,0,0,0,0,0,0,0,-33,-47,-33,-47,-35,0,0,64,-20,-27,-30,0,-18,96,95,97,0,0,0,-1,-160,-133,-355,-264,-996,-920,-2182,-2116,-2302,-2134,-2260,-2108,-1823,-1785,-1393,-663,-664,-663,-663,-663,-772,-741,-1064,-1064,-1058,-1066,-1051,-849,-1098,-1087,-1197,-1197,-1165,-1150,-1193,-1165,-1392,-1333,-29969,-29973,-29962,-29960,-29974,-1588,-29972,-29975,-29976,-29977,-29976,-29977,-29977,-29978,-29976,-29971,-29981,-29982,-29980,-29981,-29982,-29982,-29987,-29985,-29990,-29988,-29988,-29989,-29989,-29990,-29990,-29991,-29991,-29992]} 1. e4 c6 2. Nc3 d5 3. Nf3 Bg4 4. h3 Bxf3 5. Qxf3 e6 6. d4 Nf6 7. Bd3 dxe4 8. Nxe4 Qxd4 {B11: Caro-Kann: Two Knights Variation} 9. c3 Qd8 10. O-O Nxe4 {The position is equal.} 11. Bxe4 Bd6 12. Rd1 {Threatens to win with Bf4.} Qc7 13. Bc2 $146 ({Predecessor:} 13. Qd3 Be5 14. Bxh7 Nd7 15. Be4 O-O-O 16. Qf3 {½-½ (44) Mamedov,R (2655)-Eljanov,P (2765) Shamkir 2016}) 13... Nd7 14. Bg5 h6 15. Be3 Ne5 16. Qe2 O-O-O ({Black should play} 16... Nd7 $11) 17. a4 (17. Bxa7 $14 c5 18. b4) 17... Kb8 $11 18. a5 g5 19. b4 f5 (19... Nd7 $11 {keeps the balance.}) 20. Bd4 $16 {Hoping for a6.} Rhe8 21. b5 ({White should try} 21. Re1 $16 {[%cal Rd4e5]} Nd7 22. Bxf5 $1 {[%mdl 512]}) 21... cxb5 $1 $11 22. Qxb5 g4 23. Rdb1 $2 {[#]} (23. hxg4 $11 Nxg4 24. a6) 23... gxh3 $1 $17 {And now ...Rg8! would win.} 24. a6 $2 (24. Bd1 $17) 24... b6 $19 {White must now prevent ...Rg8!} 25. Qe2 $2 (25. Bb3) 25... Qc6 {[%csl Gh3][%cal Rc6g2]} 26. f4 {[#]} Rg8 $1 {[%cal Rg8g2]} 27. Be4 fxe4 28. fxe5 Rxg2+ 29. Qxg2 hxg2 30. exd6 Rxd6 31. Ra2 Rd5 32. Rxg2 Rg5 33. Rxg5 hxg5 {[%mdl 4096] Endgame KQ-KRB} 34. Rf1 Qd6 35. Kg2 e5 36. Be3 Qe6 {Strongly threatening ...Qg4+.} 37. Rf8+ Kc7 38. Kg3 Qh6 39. Rf7+ Kc6 40. Kg2 Qe6 41. Rf2 Qg4+ 42. Kh2 Qh4+ 43. Kg2 g4 44. Kf1 Qh1+ 45. Ke2 g3 {Black mates.} 46. Rf6+ Kb5 47. c4+ Kxa6 48. c5 Qb1 49. Rd6 g2 50. cxb6 axb6 {[%cal Ba7b6,Bb6b5,Bb5b4,Bb4b3][%mdl 32]} 51. Rd1 Qc2+ 52. Ke1 b5 53. Bg1 b4 54. Rd2 Qc1+ 55. Rd1 Qf4 56. Ke2 Qf3+ 57. Kd2 b3 58. Be3 Qf1 {Accuracy: White = 27%, Black = 73%.} 0-1

[Event "23rd OIBM 2019"]
[Site "Gmund am Tegernsee"]
[Date "2019.10.28"]
[Round "3.37"]
[White "Buchal, Stephan"]
[Black "Seisenberger, Georg"]
[Result "1-0"]
[WhiteElo "2274"]
[BlackElo "2072"]
[Annotator "NA RC"]
[PlyCount "71"]
[EventDate "2019.10.17"]
[EventType "swiss"]
[EventCountry "GER"]
[SourceTitle "playchess.com"]
[Source "ChessBase"]
[SourceQuality "1"]
[TimeControl "40/5400+30:1800+30"]

1. c4 {[%emt 0:00:00]} c6 {[%emt 0:00:00]} 2. Nf3 {[%emt 0:00:00]} d5 {[%emt 0:00:00]} 3. g3 {[%emt 0:00:12]} Bg4 {[%emt 0:00:00]} 4. Bg2 {[%emt 0:02:24]} e6 {[%emt 0:00:54]} 5. b3 {[%emt 0:02:26]} Nf6 {[%emt 0:01:56]} 6. Bb2 {[%emt 0:00:22]} Be7 {[%emt 0:00:57]} 7. O-O {[%emt 0:00:15]} O-O {[%emt 0:01:10]} 8. d3 {[%emt 0:00:15]} Nbd7 {[%emt 0:01:49]} 9. Nbd2 {[%emt 0:00:23]} a5 {[%emt 0:01:02]} 10. a3 {[%emt 0:00:13]} Rc8 {[%emt 0:02:50]} 11. Rc1 {[%emt 0:09:05]} Qb6 {[%emt 0:05:48]} 12. Qc2 {[%emt 0:07:21]} Rfd8 {[%emt 0:16:47]} 13. cxd5 {[%emt 0:06:59]} exd5 {[%emt 0:02:00]} 14. e4 {[%emt 0:02:12]} Nf8 {[%emt 0:11:27]} 15. h3 {[%emt 0:12:05]} Bh5 {[%emt 0:07:34]} 16. Nh4 {[%emt 0:03:17]} Bg6 {[%emt 0:03:15]} 17. Kh2 {[%emt 0:04:26]} Ne8 {[%emt 0:11:59]} 18. Nxg6 {[%emt 0:01:54]} hxg6 {[%emt 0:02:22]} 19. f4 {[%emt 0:12:15]} Nc7 {[%emt 0:08:58]} 20. Nf3 {[%emt 0:03:04]} Bf6 {[%emt 0:04:51]} 21. e5 {[%emt 0:07:36]} Be7 {[%emt 0:00:07]} 22. h4 {[%emt 0:01:49]} Nb5 {[%emt 0:01:29]} 23. a4 {[%emt 0:02:16]} Nc7 {[%emt 0:00:14]} 24. Bh3 {[%emt 0:06:33]} Nfe6 {[%emt 0:01:30]} 25. h5 {[%emt 0:01:24]} gxh5 {[%emt 0:04:51]} 26. f5 {[%emt 0:00:29]} Ng5 {[%emt 0:00:40]} 27. f6 {[%emt 0:00:46]} Nxf3+ {[%emt 0:00:08]} 28. Rxf3 {[%emt 0:00:07]} gxf6 {[%emt 0:01:19]} 29. exf6 {[%emt 0:00:40]} Bd6 {[%emt 0:01:02]} 30. Qd2 {[%emt 0:02:28]} Ne6 {[%emt 0:02:05]} 31. Bxe6 {[%emt 0:00:32]} fxe6 {[%emt 0:00:01]} 32. Qg5+ {[%emt 0:00:31]} Kf8 {[%emt 0:00:42]} 33. Qg7+ {[%emt 0:00:30]} Ke8 {[%emt 0:00:02]} 34. f7+ {[%emt 0:00:17]} Kd7 {[%emt 0:00:20]} 35. f8=Q+ {[%emt 0:00:09]} Be7 {[%emt 0:00:02]} 36. Qfxe7# {[%emt 0:00:10]} 1-0

[Event "23rd OIBM 2019"]
[Site "Gmund am Tegernsee"]
[Date "2019.10.28"]
[Round "3.38"]
[White "Ciak, Rene"]
[Black "Raupp, Thomas"]
[Result "0-1"]
[WhiteElo "2041"]
[BlackElo "2259"]
[Annotator "TA"]
[PlyCount "66"]
[EventDate "2019.10.17"]
[EventType "swiss"]
[EventCountry "GER"]
[SourceTitle "playchess.com"]
[Source "ChessBase"]
[SourceQuality "1"]

{[%evp 15,75,19,29,25,29,8,32,14,6,0,3,17,35,12,61,13,91,93,83,89,141,131,132,95,111,68,83,49,58,-6,0,-11,-20,-59,-34,-60,-42,-90,-105,-297,-108,-589,-613,-696,-493,-991,-982,-2183,-2072,-2764,-1631,-1293,-971,-970,-937,-1858,0,-29994,-693,-29988,-29989,-29989]} 1. d4 d5 2. Nf3 Nf6 3. c4 c6 4. e3 Bf5 5. Nc3 e6 6. Nh4 Bg6 7. Qb3 Qb6 8. Nxg6 hxg6 9. Be2 {D12: Slav Defence: 3 Nf3 Nf6 4 e3 Bf5} (9. Bd2 Nbd7 10. Bd3 Be7 11. h3 Rc8 12. cxd5 cxd5 13. O-O O-O 14. Rfc1 a6 15. Qd1 Qa7 16. Ne2 Ne4 17. Rxc8 Rxc8 {½-½ (27) Koneru,H (2560)-Goryachkina,A (2564) Skolkovo 2019}) 9... Nbd7 10. O-O Be7 11. Rd1 $146 {White is slightly better.} ({Predecessor:} 11. Bf3 Qc7 12. g3 dxc4 13. Qxc4 e5 14. Nd5 Nxd5 15. Bxd5 {0-1 (54) Kolosovskiy,D-Baboyan,E (2147) Kemerovo 2010}) 11... Qc7 12. h3 g5 13. cxd5 exd5 14. Bf3 (14. e4 $5) 14... Rh4 15. Qc2 g4 (15... O-O-O $11) 16. hxg4 {aiming for g3.} Qh2+ ({Don't go for} 16... Nxg4 $2 17. g3 $18) 17. Kf1 Bd6 ({Black should try} 17... Nxg4 18. g3 Qh3+ 19. Bg2 Nh2+ 20. Kg1 Qg4) 18. Bd2 $16 Nxg4 19. Ke2 {[#] And now Rh1! would win.} Ngf6 20. Rg1 {Strongly threatening g3.} Rh8 $1 21. g4 {Hoping for Rh1.} Qh7 $1 {[%cal Rh7c2]} 22. Qa4 (22. Qxh7 $14 Nxh7 23. e4) 22... Nb6 $11 23. Qb3 O-O-O 24. a4 Nc4 25. a5 Kb8 $36 {[%mdl 2048] White is under pressure.} 26. Na4 Ne4 27. Be1 $2 (27. Bxe4 $17 Qxe4 28. Qd3) 27... Qg6 $2 (27... Ng5 $19 {is more deadly.} 28. Bg2 Qh4) 28. Nb6 $2 {[%mdl 8192]} (28. Bxe4 $17 {is tougher.} Qxe4 29. Qd3) 28... axb6 $19 29. axb6 Kc8 30. Ra7 (30. Qc2 $142) 30... Ng5 31. Bc3 Nxf3 32. Kxf3 Rh2 {( -> ...Qf6+)} 33. Ke2 Nxe3 {Played: Qg6-e4} 0-1

[Event "23rd OIBM 2019"]
[Site "Gmund am Tegernsee"]
[Date "2019.10.28"]
[Round "3.39"]
[White "Lorscheid, Gerhard"]
[Black "Mooser, Nicolas"]
[Result "1/2-1/2"]
[WhiteElo "2257"]
[BlackElo "1999"]
[Annotator "RC"]
[PlyCount "122"]
[EventDate "2019.10.17"]
[EventType "swiss"]
[EventCountry "GER"]
[SourceTitle "playchess.com"]
[Source "ChessBase"]
[SourceQuality "1"]
[TimeControl "40/5400+30:1800+30"]

1. c4 {[%emt 0:00:00]} e6 {[%emt 0:00:00]} 2. Nf3 {[%emt 0:00:00]} d5 {[%emt 0:00:00]} 3. b3 {[%emt 0:00:19]} Nf6 {[%emt 0:00:36]} 4. Bb2 {[%emt 0:00:14]} c6 {[%emt 0:00:17]} 5. e3 {[%emt 0:00:43]} Nbd7 {[%emt 0:01:00]} 6. Qc2 {[%emt 0:01:54]} Bd6 {[%emt 0:00:28]} 7. d4 {[%emt 0:06:33]} O-O {[%emt 0:00:45]} 8. Bd3 {[%emt 0:04:56]} Qe7 {[%emt 0:14:30]} 9. Nbd2 {[%emt 0:12:17]} e5 {[%emt 0:13:08]} 10. cxd5 {[%emt 0:00:33]} cxd5 {[%emt 0:00:15]} 11. dxe5 {[%emt 0:01:47]} Nxe5 {[%emt 0:00:11]} 12. Nxe5 {[%emt 0:00:15]} Bxe5 {[%emt 0:00:04]} 13. Bxe5 {[%emt 0:00:11]} Qxe5 {[%emt 0:00:05]} 14. Rc1 {[%emt 0:02:01]} Bg4 {[%emt 0:01:32]} 15. O-O {[%emt 0:05:30]} Rac8 {[%emt 0:06:18]} 16. Qb1 {[%emt 0:00:29]} Rcd8 {[%emt 0:11:56]} 17. Rfe1 {[%emt 0:15:57]} Rd7 {[%emt 0:07:33]} 18. h3 {[%emt 0:02:53]} Bh5 {[%emt 0:02:09]} 19. Bf5 {[%emt 0:02:51]} Rdd8 {[%emt 0:03:16]} 20. g4 {[%emt 0:00:40]} Bg6 {[%emt 0:00:50]} 21. Nf3 {[%emt 0:00:06]} Bxf5 {[%emt 0:01:03]} 22. Qxf5 {[%emt 0:00:22]} Qxf5 {[%emt 0:04:27]} 23. gxf5 {[%emt 0:00:02]} Rc8 {[%emt 0:00:26]} 24. Nd4 {[%emt 0:01:38]} Rfe8 {[%emt 0:02:06]} 25. Nb5 {[%emt 0:06:05]} Rcd8 {[%emt 0:03:01]} 26. Rc7 {[%emt 0:02:29]} a6 {[%emt 0:01:50]} 27. Nd4 {[%emt 0:00:12]} Rb8 {[%emt 0:04:41]} 28. Rec1 {[%emt 0:04:29]} Kf8 {[%emt 0:00:35]} 29. Kf1 {[%emt 0:03:56]} Red8 {[%emt 0:01:48]} 30. Nf3 {[%emt 0:02:18]} Ne8 {[%emt 0:01:48]} 31. R7c5 {[%emt 0:01:31]} Rd6 {[%emt 0:01:45]} 32. Rd1 {[%emt 0:05:43]} Rbd8 {[%emt 0:00:43]} 33. Rd4 {[%emt 0:00:42]} Ke7 {[%emt 0:02:06]} 34. Rb4 {[%emt 0:02:07]} b6 {[%emt 0:01:16]} 35. Rc1 {[%emt 0:00:08]} R8d7 {[%emt 0:02:21]} 36. Ne5 {[%emt 0:02:34]} Rc7 {[%emt 0:00:17]} 37. Rxc7+ {[%emt 0:01:34]} Nxc7 {[%emt 0:00:04]} 38. Rh4 {[%emt 0:01:57]} h6 {[%emt 0:00:49]} 39. Rf4 {[%emt 0:01:52]} Nb5 {[%emt 0:03:03]} 40. a4 {[%emt 0:02:51]} Nc3 {[%emt 0:01:10]} 41. Nf3 {[%emt 0:31:04]} Ne4 {[%emt 0:31:02]} 42. Nd4 {[%emt 0:02:03]} Rd7 {[%emt 0:05:06]} 43. f3 {[%emt 0:00:09]} Nf6 {[%emt 0:00:37]} 44. Ke2 {[%emt 0:00:23]} Kd6 {[%emt 0:02:51]} 45. Kd2 {[%emt 0:02:00]} Rc7 {[%emt 0:01:15]} 46. Nc2 {[%emt 0:02:11]} Ke5 {[%emt 0:00:00]} 47. Nb4 {[%emt 0:00:00]} a5 {[%emt 0:00:00]} 48. Nd3+ {[%emt 0:00:00]} Kd6 {[%emt 0:00:00]} 49. Rd4 {[%emt 0:00:00]} Re7 {[%emt 0:00:00]} 50. b4 {[%emt 0:00:00]} axb4 {[%emt 0:00:00]} 51. Rxb4 {[%emt 0:00:00]} Kc6 {[%emt 0:00:00]} 52. Rb5 {[%emt 0:00:00]} Ra7 {[%emt 0:00:00]} 53. Rb4 {[%emt 0:00:00]} Nd7 {[%emt 0:00:00]} 54. Rg4 {[%emt 0:00:00]} f6 {[%emt 0:00:00]} 55. Rxg7 {[%emt 0:00:00]} Rxa4 {[%emt 0:00:00]} 56. Kc3 {[%emt 0:00:00]} Nc5 {[%emt 0:00:00]} 57. Nxc5 {[%emt 0:00:00]} Kxc5 {[%emt 0:00:00]} 58. Rc7+ {[%emt 0:00:00]} Kd6 {[%emt 0:00:00]} 59. Rb7 {[%emt 0:00:00]} Ra3+ {[%emt 0:00:00]} 60. Kd4 {[%emt 0:00:00]} Ra4+ {[%emt 0:00:00]} 61. Kd3 {[%emt 0:00:00]} Ra3+ {[%emt 0:00:00] Ke4 Ke5#} 1/2-1/2

[Event "23rd OIBM 2019"]
[Site "Gmund am Tegernsee"]
[Date "2019.10.28"]
[Round "3.40"]
[White "Lambertz, Michael"]
[Black "Kindtner, Ulrich"]
[Result "0-1"]
[WhiteElo "2031"]
[BlackElo "2257"]
[Annotator "TA"]
[PlyCount "86"]
[EventDate "2019.10.17"]
[EventType "swiss"]
[EventCountry "GER"]
[SourceTitle "playchess.com"]
[Source "ChessBase"]
[SourceQuality "1"]

{[%evp 11,86,38,35,35,35,29,27,27,23,0,14,15,18,10,25,20,30,31,33,8,9,5,13,3,7,12,16,10,22,0,4,0,14,9,24,16,32,-2,6,-11,-11,-12,-16,-17,0,0,0,0,7,-5,-3,-10,-8,-25,-23,-29,-12,-20,-22,-96,-73,-205,-219,-212,-207,-214,-189,-483,-483,-29995,-1052,-29996,-29997,-29997,-29998,-29998,-29999]} 1. e4 c5 2. c3 e5 3. Nf3 Nc6 4. Bc4 Qc7 5. O-O Nf6 6. d3 Be7 7. Bg5 {B22: Sicilian: 2 c3} O-O 8. Nbd2 h6 9. Bh4 $146 {White has an edge.} ({Predecessor:} 9. Bxf6 Bxf6 10. Re1 g6 11. Nf1 Bg7 12. Ne3 d6 13. Nd2 Qd8 14. Qf3 Kh7 {0-1 (32) Lindgren,M (2260)-Shcherbakov,R (2525) Taby 1991}) 9... Na5 10. Bb5 a6 11. Ba4 b5 12. Bc2 Bb7 13. d4 cxd4 14. cxd4 d6 15. Rc1 Rac8 16. Bb1 Qb8 17. Qe2 Rxc1 18. Rxc1 Rc8 19. Qe1 g5 20. dxe5 dxe5 21. Bg3 Bd6 22. Rxc8+ Bxc8 23. Nf1 Nc6 24. Ne3 Ne7 25. Nd2 Be6 26. h4 Nh5 27. Ndf1 Nf4 28. Nf5 Nxf5 29. exf5 Bc4 30. Bxf4 exf4 31. hxg5 hxg5 32. Qe4 f6 33. Nh2 Bf7 34. Ng4 Kg7 $36 {[%mdl 2048] Black has the initiative.} 35. a3 (35. Bc2 $11) 35... Bh5 36. Nxf6 (36. f3 $17) 36... Kxf6 $19 37. Qe6+ Kg7 38. f6+ {[#]} Kh6 $1 39. Qd7 $2 (39. f3) 39... Qc7 40. Qf5 (40. Qe6 $19 g4 41. Bc2) 40... Qc1+ {[%mdl 64] Double Attack} 41. Kh2 f3+ {Black mates.} 42. g3 {[#]} Bxg3+ $1 {[%mdl 512]} 43. fxg3 Qd2+ {Accuracy: White = 41%, Black = 63%.} 0-1

[Event "23rd OIBM 2019"]
[Site "Gmund am Tegernsee"]
[Date "2019.10.28"]
[Round "3.41"]
[White "Ries, Berthold"]
[Black "Schoenberger, Peter"]
[Result "0-1"]
[WhiteElo "1854"]
[BlackElo "2040"]
[Annotator "NA RC"]
[PlyCount "76"]
[EventDate "2019.10.17"]
[EventType "swiss"]
[EventCountry "GER"]
[SourceTitle "playchess.com"]
[Source "ChessBase"]
[SourceQuality "1"]
[TimeControl "40/5400+30:1800+30"]

1. e4 {[%emt 0:00:00]} e5 {[%emt 0:00:00]} 2. Nf3 {[%emt 0:00:00]} Nc6 {[%emt 0:00:00]} 3. Bb5 {[%emt 0:00:00]} a6 {[%emt 0:00:00]} 4. Ba4 {[%emt 0:00:05]} Nf6 {[%emt 0:00:59]} 5. O-O {[%emt 0:00:09]} b5 {[%emt 0:03:11]} 6. Bb3 {[%emt 0:04:17]} Be7 {[%emt 0:00:29]} 7. Re1 {[%emt 0:00:19]} O-O {[%emt 0:02:21]} 8. a4 {[%emt 0:00:11]} b4 {[%emt 0:02:16]} 9. a5 {[%emt 0:00:25]} d6 {[%emt 0:01:05]} 10. h3 {[%emt 0:05:42]} Rb8 {[%emt 0:00:44]} 11. c4 {[%emt 0:15:10]} Nd7 {[%emt 0:04:25]} 12. Ba4 {[%emt 0:10:20]} Bb7 {[%emt 0:01:59]} 13. d3 {[%emt 0:03:34]} Nc5 {[%emt 0:07:47]} 14. Bxc6 {[%emt 0:00:47]} Bxc6 {[%emt 0:00:10]} 15. Be3 {[%emt 0:00:30]} Ne6 {[%emt 0:04:12]} 16. Nbd2 {[%emt 0:01:31]} Bf6 {[%emt 0:07:40]} 17. Nf1 {[%emt 0:04:09]} Bb7 {[%emt 0:02:00]} 18. Ng3 {[%emt 0:02:28]} g6 {[%emt 0:01:11]} 19. Bh6 {[%emt 0:04:18]} Bg7 {[%emt 0:01:08]} 20. Qd2 {[%emt 0:01:21]} c5 {[%emt 0:07:30]} 21. Nh2 {[%emt 0:02:06]} Qh4 {[%emt 0:06:44]} 22. Ng4 {[%emt 0:05:35]} Bxh6 {[%emt 0:16:49]} 23. Qxh6 {[%emt 0:03:19]} Qxh6 {[%emt 0:00:29]} 24. Nxh6+ {[%emt 0:00:15]} Kg7 {[%emt 0:00:44]} 25. Ng4 {[%emt 0:00:37]} Nd4 {[%emt 0:02:15]} 26. Ne3 {[%emt 0:05:06]} f5 {[%emt 0:02:05]} 27. exf5 {[%emt 0:00:27]} gxf5 {[%emt 0:00:16]} 28. Ne2 {[%emt 0:00:52]} Nb3 {[%emt 0:08:08]} 29. Ra2 {[%emt 0:00:46]} f4 {[%emt 0:00:19]} 30. Nd5 {[%emt 0:03:07]} Bxd5 {[%emt 0:03:20]} 31. cxd5 {[%emt 0:00:12]} Rfc8 {[%emt 0:03:24]} 32. Nc1 {[%emt 0:02:05]} Nd4 {[%emt 0:01:14]} 33. Ne2 {[%emt 0:03:28]} b3 {[%emt 0:01:37]} 34. Ra4 {[%emt 0:00:36]} Nc2 {[%emt 0:00:06]} 35. Rc1 {[%emt 0:01:46]} Nb4 {[%emt 0:00:13]} 36. d4 {[%emt 0:01:14]} Nd3 {[%emt 0:01:01]} 37. Rc3 {[%emt 0:01:26]} Nxb2 {[%emt 0:00:51]} 38. dxe5 {[%emt 0:03:11]} Nxa4 {[%emt 0:00:09]} 0-1